|
|
|
|
| LEADER |
01099nam a2200253 a 4500 |
| 001 |
18544 |
| 003 |
BD-DhAAL |
| 005 |
20250819131740.0 |
| 008 |
170529s2014 bg l 001 0 eng d |
| 040 |
|
|
|a DLC
|c DLC
|d DLC
|d BD-DhAAL
|
| 082 |
0 |
0 |
|a 346.549202
|2 22
|
| 245 |
1 |
4 |
|a The contract act (IX of 1872).
|
| 250 |
|
|
|a Fourth edition.
|
| 260 |
|
|
|a Dhaka :
|b Dhaka Law Reports,
|c 2014.
|
| 300 |
|
|
|a 340 pages ;
|c 25 cm
|
| 500 |
|
|
|a On verso of t.p.: Published by Esrarul Huq Chowdhury.
|
| 504 |
|
|
|a Includes index.
|
| 526 |
|
|
|a SOL
|x Prof. Mojib Uddin Ahmed
Director, MBA Program
BRAC Business School
Course name and no. N/A
|
| 541 |
1 |
|
|a Paragon Enterprises Ltd.
|e 00018544
|
| 650 |
|
0 |
|a Contracts
|z Bangladesh.
|9 21673
|
| 852 |
4 |
|
|a Ayesha Abed Library
|j General shelf
|
| 942 |
0 |
0 |
|0 2
|2 ddc
|c BK
|
| 999 |
|
|
|c 38168
|d 38168
|
| 952 |
|
|
|0 0
|1 0
|2 ddc
|4 0
|6 346_549202000000000_CON
|7 0
|9 60811
|a BRACUL
|b BRACUL
|c GEN
|d 2017-05-29
|e Paragon Enterprise Ltd.
|g 288.00
|l 19
|m 110
|o 346.549202 CON
|p 3010018544
|r 2026-03-03
|s 2026-02-18
|t 1
|w 2017-05-29
|y BK
|x Requisitioned by Prof. Mojib Uddin Ahmed Director, MBA Program Course name and no. N/A
|